Năm mươi mốt 51 chủ đề gói hoa

Hướng dẫn cách chọn vật liệu như giấy kiếng dùng để gói hoa, dây tua, các loại hoa và cách gói hoa theo từng chủ đề.

Spremljeno u:
Bibliografski detalji
Jezik:Undetermined
Izdano: Đà Nẵng Nxb. Đà Nẵng 2001
Teme:
Oznake: Dodaj oznaku
Bez oznaka, Budi prvi tko označuje ovaj zapis!
Thư viện lưu trữ: Trung tâm Học liệu Trường Đại học Trà Vinh
LEADER 00677nam a2200205Ia 4500
001 TVU_5021
008 210423s9999 xx 000 0 und d
041 |a Vie 
082 |a 745.9 
082 |b G428 
245 0 |a Năm mươi mốt 51 chủ đề gói hoa 
260 |a Đà Nẵng 
260 |b Nxb. Đà Nẵng 
260 |c 2001 
300 |a 56 tr. 
300 |b ảnh 
300 |c 26 cm 
520 |a Hướng dẫn cách chọn vật liệu như giấy kiếng dùng để gói hoa, dây tua, các loại hoa và cách gói hoa theo từng chủ đề. 
650 |a Nghệ thuật cắm hoa; Trang trí; Gói hoa 
980 |a Trung tâm Học liệu Trường Đại học Trà Vinh